Maliar Peter Matejka

Bibliographic Details
Main Author: H.D (Author)
Format: Article
Language:Slovak
PhysicalDescription:Obr.
Subjects:

MARC

LEADER 00000nab a2200000 ar4500
001 vtls009465159
003 SK-MaSNL
005 20260304234445.0
008 090126c1974 xo |r|p|||||||000 b|slo
015 |a SNBRB1974 
038 |a SNKBUCL 
040 |a SNKBUCL  |b slo  |c SNKBUCL  |e AACR2 
041 |a slo 
044 |a xo  |c SK 
080 |a 75.071.1  |2 1997 
100 0 |a H.D.  |4 aut  |9 928210 
245 1 0 |a Maliar Peter Matejka  |c [ autor] H. D. 
300 |b Obr. 
600 1 7 |a Matejka, Peter,  |d 1913-1972  |2 snkbucl  |9 132043 
773 0 |t Televízia  |g Č. 15 (1974), s. 1 
852 |a SNK  |b KIS3GCP 
958 |a BX 
999 |c 3204002  |d 3205932